Children in a democracy; (Record no. 36329)
[ view plain ]
| 000 -LEADER | |
|---|---|
| fixed length control field | 00843cam a22002171 4500 |
| 001 - CONTROL NUMBER | |
| control field | l 40000092 |
| 003 - CONTROL NUMBER IDENTIFIER | |
| control field | DLC |
| 005 - DATE AND TIME OF LATEST TRANSACTION | |
| control field | 20260227111537.0 |
| 008 - FIXED-LENGTH DATA ELEMENTS--GENERAL INFORMATION | |
| fixed length control field | 721110s1940 dcua f100 0 eng c |
| 010 ## - LIBRARY OF CONGRESS CONTROL NUMBER | |
| LC control number | l 40000092 |
| 035 ## - SYSTEM CONTROL NUMBER | |
| System control number | (OCoLC)491914 |
| 040 ## - CATALOGING SOURCE | |
| Original cataloging agency | U.S. Dept. of Labor. Library |
| Transcribing agency | OClU |
| Modifying agency | OCoLC |
| -- | NNC-L |
| -- | DLC |
| 043 ## - GEOGRAPHIC AREA CODE | |
| Geographic area code | n-us--- |
| 050 00 - LIBRARY OF CONGRESS CALL NUMBER | |
| Classification number | HV741 |
| Item number | .W67 1939/40a |
| 111 2# - MAIN ENTRY--MEETING NAME | |
| Meeting name or jurisdiction name as entry element | White House Conference on Children in a Democracy |
| Date of meeting or treaty signing | (1939-1940 : |
| Location of meeting | Washington, D.C.) |
| 245 10 - TITLE STATEMENT | |
| Title | Children in a democracy; |
| Remainder of title | general report |
| Statement of responsibility, etc. | adopted by the White House Conference on Children in a democracy, January 19, 1940, Washington, D.C. |
| 260 ## - PUBLICATION, DISTRIBUTION, ETC. | |
| Place of publication, distribution, etc. | [Washington, |
| Name of publisher, distributor, etc. | U.S. Govt. Print. Off., |
| Date of publication, distribution, etc. | 1940] |
| 300 ## - PHYSICAL DESCRIPTION | |
| Extent | ix, 86 p. |
| Other physical details | diagrs. |
| Dimensions | 26 cm. |
| 650 #0 - SUBJECT ADDED ENTRY--TOPICAL TERM | |
| Topical term or geographic name entry element | Child welfare |
| Geographic subdivision | United States |
| Form subdivision | Congresses. |
| 650 #0 - SUBJECT ADDED ENTRY--TOPICAL TERM | |
| Topical term or geographic name entry element | Child care |
| Geographic subdivision | United States |
| Form subdivision | Congresses. |
No items available.